[Event "Codogno op 3rd B"]
[Site "Codogno"]
[Date "2011.10.16"]
[Round "5"]
[White "Stanzani, Maurizio"]
[Black "Priori, Gabriele"]
[Result "1-0"]
[WhiteElo "1603"]
[BlackElo "1401"]
[PlyCount "72"]
[EventDate "2011.10.14"]
[EventType "swiss"]
[EventRounds "5"]
[EventCountry "ITA"]
[SourceTitle "EXT 2024"]
[Source "ChessBase"]
[SourceDate "2023.10.10"]
[SourceVersion "1"]
[SourceVersionDate "2023.10.10"]
[SourceQuality "1"]

1. d4 d5 2. c4 c6 3. Nc3 Nf6 4. cxd5 cxd5 5. Bf4 e6 6. e3 Be7 7. Bd3 Bd7 8. Nf3 Nc6 9. a3 Nh5 10. Bg3 Nxg3 11. hxg3 h6 12. Rc1 a6 13. Bb1 Qb6 14. Qd2 Bf6 15. g4 0-0-0 16. g5 hxg5 17. Rxh8 Rxh8 18. Ke2 Kb8 19. b4 g4 20. Ne1 Na7 21. Nd3 Nb5 22. Nc5 Nxc3+ 23. Rxc3 Bb5+ 24. Bd3 Bxd3+ 25. Rxd3 Qd6 26. g3 Bg5 27. Qb2 b5 28. a4 Kc7 29. axb5 axb5 30. Rc3 Kb8 31. Qa3 Rc8 32. Qa5 Rc6 33. Qxb5+ Rb6 34. Nd7+ Kb7 35. Nxb6 Qxb6 36. Qd7+ Ka8 1-0